Tajomstvo dobrého rečníka

Ovládanie komunikácie a pozícia manažéra. Základné znaky presvedčivého prejavu. Rečník ako osobnosť. Suverénnosť. Autentickosť. Sebavedomie. Pozitívny postoj k poslucháčom. Základné úlohy tlačového hovorcu.

Saved in:
Bibliographic Details
Main Author: Slamková, Eva
Format: Book Chapter
Language:Slovak
Subjects:
Tags: Add Tag
No Tags, Be the first to tag this record!

MARC

LEADER 00000naa a2200000 4500
001 r033302
005 20230922085442.4
041 0 |a slo 
044 |a CZ 
245 1 0 |a Tajomstvo dobrého rečníka  |c Eva Slamková 
520 |a Ovládanie komunikácie a pozícia manažéra. Základné znaky presvedčivého prejavu. Rečník ako osobnosť. Suverénnosť. Autentickosť. Sebavedomie. Pozitívny postoj k poslucháčom. Základné úlohy tlačového hovorcu. 
610 2 0 |a komunikácia manažérska 
610 2 0 |a sebapoznanie 
610 2 0 |a rozhovor 
610 2 0 |a prejavy 
100 1 |a Slamková, Eva